| 000 | 00903nam a2200277 i 4500 | ||
|---|---|---|---|
| 001 | bg | ||
| 003 | BPK | ||
| 005 | 20190830143544.0 | ||
| 008 | 970513s1992 pl a f f |000 0 pol | ||
| 015 | _aPB 1992/11540 | ||
| 020 | _a8381108312 | ||
| 040 |
_aWA N _cBPK |
||
| 080 | _a624.131.2/.6 | ||
| 080 | _a(075.8) | ||
| 100 | 1 |
_aMyślińska, Elżbieta _d(1935- ). _eAutor |
|
| 245 | 1 | 0 |
_aLaboratoryjne badania gruntów / _cElżbieta Myślińska. |
| 260 |
_aWarszawa : _bWydaw. Naukowe PWN, _c1992. |
||
| 300 |
_a243, [1] s. : _brys., wykr. ; _c24 cm. |
||
| 504 | _aBibliogr. s. 227-229. | ||
| 650 | 4 |
_aGrunt _xbadanie. |
|
| 655 | 4 | _aPodręczniki akademickie | |
| 650 | 4 | _aGeologia inżynierska | |
| 710 | 2 |
_aWydawnictwo Naukowe PWN _4pbl. |
|
| 856 |
_uhttp://koha.tu.koszalin.pl/cgi-bin/koha/opac-detail.pl?biblionumber=5300 _yKatalog online BPK |
||
| 942 |
_2UKD _cKS |
||
| 999 |
_c5300 _d5300 |
||